Cómo se hace una tesis: técnicas y procedimientos de estudio, investigación y escritura
Zapisane w:
| 1. autor: | |
|---|---|
| Format: | Książka |
| Język: | hiszpański |
| Wydane: |
Barcelona
Gedisa
1995
|
| Wydanie: | 17a. ed |
| Seria: | Colección Libertad y Cambio, Serie Práctica
|
| Hasła przedmiotowe: | |
| Etykiety: |
Dodaj etykietę
Nie ma etykietki, Dołącz pierwszą etykiete!
|
MARC
| LEADER | 00000nam a2200000 a 4500 | ||
|---|---|---|---|
| 001 | UCN1646 | ||
| 003 | CL-VaPUC | ||
| 005 | 20211220085512.0 | ||
| 008 | 010427e19950000SP |||||||||||||||||spa|d | ||
| 999 | |c 294897 |d 294895 | ||
| 040 | |c Pontificia Universidad Católica de Valparaíso | ||
| 082 | 0 | 4 | |a 001.4 |b ECO |2 21 |
| 100 | 0 | |a Eco, Umberto |e author |9 456885 | |
| 245 | 1 | 0 | |a Cómo se hace una tesis: técnicas y procedimientos de estudio, investigación y escritura |
| 250 | |a 17a. ed | ||
| 260 | |a Barcelona |b Gedisa |c 1995 | ||
| 300 | |a 267 p | ||
| 490 | 0 | |a Colección Libertad y Cambio, Serie Práctica | |
| 583 | |a last modification |c 20010427 00:00:00 |k Rodrigo Vera | ||
| 650 | 7 | |a TESIS |2 CL-VaPUC |9 257341 | |
| 650 | 7 | |a INVESTIGACION BIBLIOGRAFICA |2 CL-VaPUC |9 374724 | |
| 650 | 7 | |a TECNICAS DE INVESTIGACION |2 CL-VaPUC |9 456886 | |
| 942 | |c BK |2 ddc | ||
| 945 | |d 20010427 00:00:00 |a crobeson | ||
| 952 | |0 0 |1 0 |2 ddc |4 0 |6 001_400000000000000_ECO_1995 |7 0 |8 A |9 347646 |a BIBEDU |b BIBEDU |d 2019-11-20 |i 3145743 |l 3 |m 2 |o 001.4 ECO 1995 |p 3145743 |r 2025-01-20 |s 2025-01-13 |w 2019-11-20 |y BK |k MUS | ||